| 000 | 01200nac a22002771u 4500 | ||
|---|---|---|---|
| 010 | _a 2005006392 | ||
| 020 | _a0072958863 (hard : alk. paper) | ||
| 082 | 0 | 0 |
_a005.74 _bSIL |
| 090 |
_c5200 _d5200 |
||
| 100 | _aSilberschatz, Abraham. | ||
| 245 | 1 | 0 |
_aDatabase system concepts / _cAbraham Silberschatz, Henry F. Korth, S. Sudarshan. |
| 250 | _a5th ed. | ||
| 260 |
_aBoston : _bMcGraw-Hill Higher Education,2006 _cc2006. |
||
| 300 |
_axxvi, 1142 p. : _bill. ; _c24 cm. |
||
| 500 | _adistributer: Al-Ahram | ||
| 504 | _aIncludes bibliographical references and index. | ||
| 511 | _acatalogued by: wessam | ||
| 650 | 0 | _aDatabase management. | |
| 700 | 1 | _aKorth, Henry F. | |
| 700 | 1 | _aSudarshan, S. | |
| 856 | 4 | 1 |
_3Table of contents only _uhttp://www.loc.gov/catdir/toc/ecip059/2005006392.html |
| 856 | 4 | 1 |
_3Publisher description _uhttp://www.loc.gov/catdir/enhancements/fy0632/2005006392-d.html |
| 942 |
_cBB _k005.74SIL |
||
| 999 |
_c5200 _d5200 |
||